Blunden v Frogmore Investments Ltd (Record no. 70886)
[ view plain ]
| 000 -LEADER | |
|---|---|
| fixed length control field | 01742cam a2200241 4500 |
| 001 - CONTROL NUMBER | |
| control field | ABS65741 |
| 008 - FIXED-LENGTH DATA ELEMENTS--GENERAL INFORMATION | |
| fixed length control field | 020802n2002 000 0 eng u |
| 035 ## - SYSTEM CONTROL NUMBER | |
| System control number | (Sirsi) u119166 |
| 245 ## - TITLE STATEMENT | |
| Title | Blunden v Frogmore Investments Ltd |
| 260 ## - PUBLICATION, DISTRIBUTION, ETC. | |
| Date of publication, distribution, etc. | 2002 |
| 490 ## - SERIES STATEMENT | |
| Series statement | Estates Gazette |
| Volume/sequential designation | [2002]29 EG 153-161(9) |
| 520 ## - SUMMARY, ETC. | |
| Summary, etc. | [2002] EWCA Civ 573, 30 April 2002. Defendant landlord (F) had served notice on appellant tenant (B) after F had invoked the terms of a break clause in the lease of the retail unit which had been suffered substantial bomb damage. B claimed that the service of the notice had not been valid. F had sent a copy of the notice to B's last known address - the demised premises and affixed a notice to the property. B claimed the posted notice had been sent back to F's solicitor without him seeing it and that he could not see the notice on the premises because the premises were boarded up. B's claim that the notices were invalid was dismissed by the HC and CA. Under the terms of the lease it was sufficient if the notice was sent by post. It did not have to be brought to the tenant's attention or have even to be delivered. In respect of good service via the notice affixed to the demised premises it was deemed unnecessary to express a concluded view. View judgment at www.courtservice.gov.uk/. |
| 590 ## - LOCAL NOTE (RLIN) | |
| Local note | ABS |
| 650 ## - SUBJECT ADDED ENTRY--TOPICAL TERM | |
| Topical term or geographic name entry element | LANDLORD AND TENANT ACT 1927 s23(1) |
| 650 ## - SUBJECT ADDED ENTRY--TOPICAL TERM | |
| Topical term or geographic name entry element | LANDLORD AND TENANT ACT 1954 |
| 650 ## - SUBJECT ADDED ENTRY--TOPICAL TERM | |
| Topical term or geographic name entry element | LAW OF PROPERTY ACT 1925 S196(3) |
| 650 ## - SUBJECT ADDED ENTRY--TOPICAL TERM | |
| Topical term or geographic name entry element | CONTRACTUAL NOTICE |
| 650 ## - SUBJECT ADDED ENTRY--TOPICAL TERM | |
| Topical term or geographic name entry element | BREAK CLAUSES |
| 650 ## - SUBJECT ADDED ENTRY--TOPICAL TERM | |
| Topical term or geographic name entry element | DEMISED PREMISES |
| 690 ## - LOCAL SUBJECT ADDED ENTRY--TOPICAL TERM (OCLC, RLIN) | |
| Topical term or geographic name as entry element | LANDLORD AND TENANT-CASE LAW |
| 856 ## - ELECTRONIC LOCATION AND ACCESS | |
| Uniform Resource Identifier | <a href="https://www.courtservice.gov.uk/View.do?id=1155">https://www.courtservice.gov.uk/View.do?id=1155</a> |
| Public note | View the judgment on the Court Service website |
| 942 ## - ADDED ENTRY ELEMENTS (KOHA) | |
| Suppress in OPAC | 0 |
| Withdrawn status | Lost status | Source of classification or shelving scheme | Damaged status | Not for loan | Home library | Current library | Shelving location | Date acquired | Total Checkouts | Full call number | Barcode | Date last seen | Copy number | Price effective from | Koha item type |
|---|---|---|---|---|---|---|---|---|---|---|---|---|---|---|---|
| Dewey Decimal Classification | London | London | Journal article | 02/08/2002 | ABS65741 | 119166-1001 | 06/08/2019 | 1 | 06/08/2019 | Law report |